| 000 | 00466pab a2200181 454500 | ||
|---|---|---|---|
| 008 | 180718b2006 xxu||||| |||| 00| 0 eng d | ||
| 100 | _aMossberger, Karen | ||
| 245 | _aRace, place, and information technology | ||
| 260 | _c2006 | ||
| 300 | _ap.563-620. | ||
| 362 | _aMay | ||
| 650 | _aEthnic groups | ||
| 650 | _aInformation technology | ||
| 700 | _aGilbert, Michele | ||
| 700 | _aTolbert, Caroline J. | ||
| 773 | _aUrban Affairs Quarterly | ||
| 909 | _a70047 | ||
| 999 |
_c70047 _d70047 |
||